| 000 | 01328camaa2200421Mu 4500 | ||
|---|---|---|---|
| 001 | 85825 | ||
| 005 | 20230410130712.0 | ||
| 008 | 070605s2007 sp 000 0 spa d | ||
| 035 | _a(OCoLC)ocn434081851 | ||
| 040 |
_aBNM _erdc _bspa _cBNM |
||
| 015 | _aMON0706-33394 | ||
| 016 | 7 |
_abimoBNE20070408956 _2SpMaBN |
|
| 017 | _aM 4965-2007 | ||
| 020 | _a9788483223666 | ||
| 020 | _a848322366X | ||
| 035 | _a(OCoLC)434081851 | ||
| 050 | 1 | 4 |
_aPN 4751 _bD568p 2007 |
| 082 | 0 | 0 | _a070 |
| 049 | _aGRAL | ||
| 100 | 1 | _aDiezhandino Nieto, Maria Pilar. | |
| 245 | 1 | 0 |
_aPeriodismo y poder : _bpolíticos, periodistas y ciudadanos voluntariamente desinformados / _cMaria Pilar Diezhandino Nieto, Miguel Marinas, Ester Montiel Jimenez. |
| 260 |
_aMadrid : _bPearson Prentice Hall, _c[2007] |
||
| 300 |
_axiii, 268 p. _bgraf. _c24 cm. |
||
| 490 | 1 | _aPearson comunicación | |
| 504 | _aBibliografia: p. 261-268. | ||
| 650 | 0 |
_aJournalism _xPolitical aspects. |
|
| 650 | 0 | _aJournalism. | |
| 650 | 4 | _aPeriodismo. | |
| 650 | 4 | _aPolítica y prensa. | |
| 650 | 4 |
_aPeriodismo _xAspectos políticos. |
|
| 650 | 7 |
_aPrensa y política _zEspaña _yS.XX. _2embne |
|
| 700 | 1 | _aMarinas, Miguel. | |
| 700 | 1 | _aMontiel Jimenez, Ester. | |
| 830 | 0 | _aPearson comunicacion. | |
| 942 |
_2lcc _cbk |
||
| 946 | _aaa | ||
| 994 |
_aC0 _bDRFGD |
||
| 999 |
_c78802 _d78802 |
||